| 000 | 00711nam a2200205Ii 4500 | ||
|---|---|---|---|
| 003 | JO-AjNU | ||
| 008 | 230605s9999||||xx |||||||||||||| ||und|| | ||
| 017 | _a2003/5/982 | ||
| 040 |
_aJO-AjNU _bara _erda _cJO-AjNU |
||
| 041 | _aara | ||
| 050 | 1 | 4 | _aDS79.76.M8522 2003 |
| 100 | 3 |
_aالمومني، احمد محمد خلف, _eauthor _917735 |
|
| 245 | 0 | 0 | _aالصاعقة بين الاحتلال والتحرير للعراق في القرن الحادي والعشرين |
| 264 | 3 | 1 | _aعمان: المؤلف،2003 |
| 300 | _a131ص | ||
| 336 |
_atext _btxt _2rdacontent |
||
| 337 |
_aunmediated _bn _2rdamedia |
||
| 338 |
_avolume _bnc _2rdacarrier |
||
| 650 | 4 |
_aالعراق- تاريخ - القرن 21 _917736 |
|
| 999 |
_aA5542 _c9110 _d9110 |
||